Using the Big Mac index for comparing construction costs internationally (Record no. 78486)
[ view plain ]
| 000 -LEADER | |
|---|---|
| fixed length control field | 00901cab a2200205 4500 |
| 001 - CONTROL NUMBER | |
| control field | L136894 |
| 008 - FIXED-LENGTH DATA ELEMENTS--GENERAL INFORMATION | |
| fixed length control field | 070228n2005 000 0 eng u |
| 035 ## - SYSTEM CONTROL NUMBER | |
| System control number | (Sirsi) u136894 |
| 041 0# - LANGUAGE CODE | |
| Language code of text/sound track or separate title | eng |
| 100 1# - MAIN ENTRY--PERSONAL NAME | |
| Personal name | Langston, Craig |
| 245 00 - TITLE STATEMENT | |
| Title | Using the Big Mac index for comparing construction costs internationally |
| Medium | [electronic resource] |
| 260 ## - PUBLICATION, DISTRIBUTION, ETC. | |
| Place of publication, distribution, etc. | Brisbane |
| Name of publisher, distributor, etc. | Queensland University of Technology |
| Date of publication, distribution, etc. | 2005 |
| 490 #0 - SERIES STATEMENT | |
| Series statement | COBRA |
| Volume/sequential designation | 2005 |
| 520 ## - SUMMARY, ETC. | |
| Summary, etc. | Discusses the use of purchasing power parity (PPP) in the comparison of construction costs between different countries, and whether the development of construction-specific indices will improve reliability. |
| 651 #4 - SUBJECT ADDED ENTRY--GEOGRAPHIC NAME | |
| Geographic name | International |
| 690 ## - LOCAL SUBJECT ADDED ENTRY--TOPICAL TERM (OCLC, RLIN) | |
| Topical term or geographic name as entry element | BUILT ENVIRONMENT-BUILDING COSTS |
| 700 1# - ADDED ENTRY--PERSONAL NAME | |
| Personal name | Best, Rick |
| 856 40 - ELECTRONIC LOCATION AND ACCESS | |
| Uniform Resource Identifier | <a href="https://www.rics.org/site/scripts/download_info.aspx?downloadID=2608">https://www.rics.org/site/scripts/download_info.aspx?downloadID=2608</a> |
| Public note | View the item free of charge at www.rics.org... |
| 942 ## - ADDED ENTRY ELEMENTS (KOHA) | |
| Suppress in OPAC | 0 |
| Withdrawn status | Lost status | Source of classification or shelving scheme | Damaged status | Not for loan | Home library | Current library | Shelving location | Date acquired | Total Checkouts | Full call number | Barcode | Date last seen | Copy number | Price effective from | Koha item type |
|---|---|---|---|---|---|---|---|---|---|---|---|---|---|---|---|
| Dewey Decimal Classification | Virtual | Virtual | Online | 28/02/2007 | ONLINE PUBLICATION | 136894-1001 | 06/08/2019 | 1 | 06/08/2019 | Journal article |